Cuatro pintores asturianos (Record no. 20936)

MARC details
000 -LEADER
campo de control de longitud fija 00655nam a2200181 i 4500
001 - NÚMERO DE CONTROL
campo de control 20936
003 - IDENTIFICADOR DE NÚMERO DE CONTROL
campo de control ES-MaACL
005 - FECHA Y HORA DE LA ÚLTIMA TRANSACCIÓN
campo de control 20230906152405.0
007 - CAMPO FIJO DE DESCRIPCIÓN FÍSICA--INFORMACIÓN GENERAL
campo de control de longitud fija t|
008 - DATOS DE LONGITUD FIJA--INFORMACIÓN GENERAL
campo de control de longitud fija 021119s1970 sp af |||| | spa d
100 1# - ENTRADA PRINCIPAL--NOMBRE DE PERSONA
Nombre de persona Aduriz, Patricio.
9 (RLIN) 18498
245 10 - MENCIÓN DEL TÍTULO
Título Cuatro pintores asturianos
Resto del título : [Nemesio Lavilla, Juan Martínez Abades, Manuel Medina, Manuel Marola] /
Mención de responsabilidad, etc. por Patricio Aduriz ; prólogo de Francisco Carantona.
260 ## - PUBLICACIÓN, DISTRIBUCIÓN, ETC.
Lugar de publicación, distribución, etc. Gijón :
Nombre del editor, distribuidor, etc. [El Comercio],
Fecha de publicación, distribución, etc. 1970.
300 ## - DESCRIPCIÓN FÍSICA
Extensión 214 p., 113 lám :
Otras características físicas il. ;
Dimensiones 27 cm.
650 #4 - PUNTO DE ACCESO ADICIONAL DE MATERIA--TÉRMINO DE MATERIA
Término de materia o nombre geográfico como elemento de entrada Pintura-
Subdivisión geográfica Asturias (Comunidad Autónoma)
9 (RLIN) 165071
700 1# - ENTRADA AGREGADA--NOMBRE PERSONAL
Nombre de persona Carantona, Francisco.
9 (RLIN) 34963
852 ## - LOCALIZACIÓN
Ubicación ES-MaACL
Número de control de estantería C-37265
Holdings
Estatus retirado Estado de pérdida Estado de daño No para préstamo Biblioteca de origen Biblioteca actual Ubicación en estantería Fecha de adquisición Fuente de adquisición Total de préstamos Signatura topográfica completa Código de barras Visto por última vez Precio de reemplazo Tipo de ítem Koha
        Biblioteca del Ateneo de Madrid Biblioteca del Ateneo de Madrid Depósito 2 17/01/2008     C-37265 1021500 23/02/2023 23/02/2023 Libro impreso